000 01533naa a22003857a 4500
001 BR8303791
003 BR-BrBNA
005 20240918175316.0
007 ta
008 230509b bl.||||| |||| 00| 0 por d
040 _aBR-BrBNA
_bpor
_cBiblioteca Nacional de Agricultura
041 _a(Pt)
072 _aH60
_b0334
_b3876
090 _aH60 BR8303791
100 1 _aRuedell, J.
100 1 _aMiranda, T.R. de
100 1 _aSilva, M.T.B. da
111 1 _aReuniao Anual de Programacao de Pesquisa e Assistencia Tecnica da Cultura da Colza
_cPasso Fundo, RS (Brazil)
_d5-7 Apr 1983
245 1 _aInfluencia da dessecacao da colza sobre a germinacao e o rendimento de graos [Brassica napus, herbicida dessecante]
260 3 _aCruz Alta, RS (Brasil):
_c1983.
500 _aContribuicao do Centro de Experimentacao e Pesquisa a Reuniao Anual de Programacao de Pesquisa e de Assistencia Tecnica da Cultura da Colza - 1983 Cruz Alta, RS (Brasil): 1983. p. 49-54 (BR8303791-AM)H60
650 _aCOLZA
650 _aERVA DANINHA
650 _aHERBICIDA
650 _aMATURACAO
650 _aPULVERIZACAO
650 _aDESIDRATACAO
650 _aRENDIMENTO
650 _aSEMENTE
650 _aGERMINACAO
650 _aCRESCIMENTO
773 0 _tContribuicao do Centro de Experimentacao e Pesquisa a Reuniao Anual de Programacao de Pesquisa e de Assistencia Tecnica da Cultura da Colza - 1983
_wH60 BR8303791
_gCruz Alta, RS (Brasil), 1983. p. 49-54
909 _a202404
_bLucia
_c55
_dLucia Elande
942 _cAM
_2AGRIS
999 _c316068
_d316068